00306nam a2200121Ia 4500003000400000005001700004008004100021020001900062040002700081100001900108245003300127260002400160OSt20240321094627.0170523s9999 xx 000 0 und d a9788189757779  ciimt university meerut aSharma- Vikram 0aComputer Aided Manufacturing aJ L H National Pub.